| 000 | 01724nam0a2200373 4500 | ||
|---|---|---|---|
| 001 | RU\NLR\bibl\439149 | ||
| 005 | 20250623174436.0 | ||
| 010 |
_a5-89838-071-X _9135 |
||
| 021 |
_aRU _b2003-45558 _92178 |
||
| 035 | _a(NLR Aleph) 000432918 | ||
| 090 |
_a765709 _c765709 |
||
| 100 | _a20030924d2003 |||y0rusy50 ca | ||
| 101 | 0 |
_arus _aeng |
|
| 102 | _aRU | ||
| 105 | _ay ||||||||| | ||
| 200 | 1 |
_aUpper-intermediate English. Тренируем навыки практического владения английским языком _e[(Продвинутый уровень)] _eУчеб. пособие _fЕ.А. Акулова, Ю.А. Воронцова _gМ-во образования Рос. Федерации, Брян. гос. техн. ун-т |
|
| 210 |
_aБрянск _cИзд-во БГТУ _d2003 |
||
| 215 |
_a176 с. _d21 |
||
| 300 | _aЗагл. обл.: Тренируем навыки практического владения английским языком | ||
| 320 | _aБиблиогр.: с. 173-174 (20 назв.) | ||
| 512 | 1 |
_6z22790 _aТренируем навыки практического владения английским языком |
|
| 606 | 0 |
_aАнглийский язык _jХрестоматии _9972309 _3RU\NLR\auth\6646032 |
|
| 686 | _aШ143.21-93рус3хрест | ||
| 686 | _aШ143.21-93рус5хрест | ||
| 686 | _aШ143.21-93рус8хрест | ||
| 700 | 1 |
_aАкулова _bЕ. А. _4070 |
|
| 701 | 1 |
_aВоронцова _bЮ. А. _4070 |
|
| 790 | 1 |
_6z22 _aАкулова _bЕ. А. _4070 |
|
| 790 | 1 |
_6z22 _aВоронцова _bЮ. А. _4070 |
|
| 801 | 0 |
_aRU _bNLR _c20030924 _gPSBO |
|
| 801 | 1 |
_aRU _bNLR _c20030924 |
|
| 942 | _cBOOK | ||
| 980 | _aNB | ||